Statistiques concernant Grille de mots #13

Cliquez ici pour prendre le quiz!

Statistiques générales

  • Ce quiz a été pris 51 fois
  • Le résultat moyen est 69 sur 87

Statistiques - réponses

Place de la lettreRéponses% Correct
6 CE
95%
2 CE
93%
4 CI
93%
5 CN
93%
3 CT
93%
1 CT
93%
7 AE
88%
1 DO
88%
3 BA
86%
1 FE
86%
1 HE
86%
7 BH
86%
1 EI
86%
1 GM
86%
6 DN
86%
1 IN
86%
2 DR
86%
1 AT
86%
1 JT
86%
1 BU
86%
9 BE
84%
5 DI
84%
10 BR
84%
2 BS
84%
8 BU
84%
10 AE
81%
10 CE
81%
5 BE
81%
10 JE
81%
8 II
81%
8 JL
81%
8 AN
81%
3 AR
81%
7 DS
81%
4 DV
81%
2 AY
81%
2 JE
79%
2 IE
79%
9 JE
79%
3 IE
79%
4 EE
79%
4 BG
79%
6 AI
79%
10 HN
79%
6 IP
79%
4 FS
79%
4 IS
79%
10 ET
79%
3 EB
77%
5 FE
77%
10 FE
77%
8 CI
77%
10 GI
77%
5 AL
77%
9 AN
77%
5 EN
77%
2 GO
77%
9 HO
77%
9 CR
77%
10 IT
77%
3 GT
77%
4 JT
77%
2 FB
74%
7 FE
74%
7 HE
74%
4 HE
74%
9 EI
74%
3 FI
74%
4 AO
74%
3 JR
74%
7 IS
74%
2 HU
74%
8 EU
74%
7 EC
72%
6 JE
72%
8 GI
72%
6 GI
72%
6 FL
72%
7 GN
72%
6 HP
72%
8 FR
72%
9 IT
72%
3 HT
72%
9 DV
72%
9 GN
67%
5 JR
67%
5 HR
67%

Distribution des résultats

Percentile par nombre de réponses

% des personnes avec chaque résultat

Votre développement - résultats

Vous n’avez pas pris ce quiz